<?xml version="1.0" encoding="UTF-8"?>
<record
    xmlns:xsi="http://www.w3.org/2001/XMLSchema-instance"
    xsi:schemaLocation="http://www.loc.gov/MARC21/slim http://www.loc.gov/standards/marcxml/schema/MARC21slim.xsd"
    xmlns="http://www.loc.gov/MARC21/slim">

  <leader>00934nam a2200193Ia 4500</leader>
  <controlfield tag="008">151121s9999||||xx |||||||||||||| ||und||</controlfield>
  <datafield tag="082" ind1=" " ind2=" ">
    <subfield code="a">910/&#x913;&#x91D;&#x93E;</subfield>
  </datafield>
  <datafield tag="082" ind1=" " ind2=" ">
    <subfield code="b">HNW-115852</subfield>
  </datafield>
  <datafield tag="100" ind1=" " ind2=" ">
    <subfield code="a">&#x913;&#x91D;&#x93E; &#x90F;&#x928;&#x964;&#x90F;&#x928;&#x964;</subfield>
  </datafield>
  <datafield tag="245" ind1=" " ind2=" ">
    <subfield code="a">&#x938;&#x93F;&#x935;&#x940;&#x932; &#x938;&#x947;&#x935;&#x93E; &#x92E;&#x941;&#x916;&#x94D;&#x92F; &#x92A;&#x930;&#x940;&#x915;&#x94D;&#x937;&#x93E; &#x92D;&#x942;&#x917;&#x94B;&#x932; -&#x92A;&#x94D;&#x930;&#x936;&#x94D;&#x928;&#x94B;&#x924;&#x94D;&#x924;&#x930; &#x930;&#x941;&#x92A; &#x92E;&#x947;&#x902;</subfield>
  </datafield>
  <datafield tag="260" ind1=" " ind2=" ">
    <subfield code="b">&#x915;&#x94D;&#x930;&#x949;&#x928;&#x93F;&#x915;&#x932; &#x92A;&#x92C;&#x94D;&#x932;&#x93F;&#x915;&#x947;&#x936;&#x928;&#x94D;&#x938; &#x932;&#x93F;&#x964;&#x926;&#x93F;&#x932;&#x94D;&#x932;&#x940;&#x964;</subfield>
  </datafield>
  <datafield tag="260" ind1=" " ind2=" ">
    <subfield code="c">2008</subfield>
  </datafield>
  <datafield tag="300" ind1=" " ind2=" ">
    <subfield code="a">229</subfield>
  </datafield>
  <datafield tag="600" ind1=" " ind2=" ">
    <subfield code="a">&#x913;&#x91D;&#x93E; &#x90F;&#x928;&#x964;&#x90F;&#x928;&#x964;</subfield>
  </datafield>
  <datafield tag="630" ind1=" " ind2=" ">
    <subfield code="a">&#x938;&#x93F;&#x935;&#x940;&#x932; &#x938;&#x947;&#x935;&#x93E; &#x92E;&#x941;&#x916;&#x94D;&#x92F; &#x92A;&#x930;&#x940;&#x915;&#x94D;&#x937;&#x93E; &#x92D;&#x942;&#x917;&#x94B;&#x932; -&#x92A;&#x94D;&#x930;&#x936;&#x94D;&#x928;&#x94B;&#x924;&#x94D;&#x924;&#x930; &#x930;&#x941;&#x92A; &#x92E;&#x947;&#x902;</subfield>
  </datafield>
  <datafield tag="700" ind1=" " ind2=" ">
    <subfield code="a">&#x913;&#x91D;&#x93E; &#x90F;&#x928;&#x964;&#x90F;&#x928;&#x964;</subfield>
  </datafield>
  <datafield tag="730" ind1=" " ind2=" ">
    <subfield code="a">&#x938;&#x93F;&#x935;&#x940;&#x932; &#x938;&#x947;&#x935;&#x93E; &#x92E;&#x941;&#x916;&#x94D;&#x92F; &#x92A;&#x930;&#x940;&#x915;&#x94D;&#x937;&#x93E; &#x92D;&#x942;&#x917;&#x94B;&#x932; -&#x92A;&#x94D;&#x930;&#x936;&#x94D;&#x928;&#x94B;&#x924;&#x94D;&#x924;&#x930; &#x930;&#x941;&#x92A; &#x92E;&#x947;&#x902;</subfield>
  </datafield>
  <datafield tag="942" ind1=" " ind2=" ">
    <subfield code="c">BOOK</subfield>
  </datafield>
  <datafield tag="999" ind1=" " ind2=" ">
    <subfield code="c">1264549</subfield>
    <subfield code="d">1264546</subfield>
  </datafield>
  <datafield tag="952" ind1=" " ind2=" ">
    <subfield code="0">0</subfield>
    <subfield code="1">0</subfield>
    <subfield code="4">0</subfield>
    <subfield code="7">0</subfield>
    <subfield code="a">HNW</subfield>
    <subfield code="b">HNW</subfield>
    <subfield code="d">2014-12-08</subfield>
    <subfield code="g">130.00</subfield>
    <subfield code="l">0</subfield>
    <subfield code="o">HNW-115852</subfield>
    <subfield code="p">HNW-115852</subfield>
    <subfield code="r">2015-11-21 00:00:00</subfield>
    <subfield code="v">130.00</subfield>
    <subfield code="w">2015-11-21</subfield>
    <subfield code="y">BOOK</subfield>
  </datafield>
</record>
